[Event "Titled Tuesday intern op 12th Mar Early"]
[Site "Chess.com INT"]
[Date "2024.03.12"]
[Round "4"]
[White "Grandadam, Nicolas"]
[Black "Suyarov, Mukhammadzokhid"]
[Result "0-1"]
[WhiteElo "2265"]
[BlackElo "2407"]
[PlyCount "62"]
[EventDate "2024.03.12"]
[EventType "swiss (blitz)"]
[EventRounds "11"]
[EventCountry "USA"]
[SourceTitle "CB12_2024"]
[SourceDate "2023.10.01"]
[SourceVersion "1"]
[SourceVersionDate "2023.10.01"]
[SourceQuality "1"]

1. Nf3 Nf6 2. c4 e6 3. Nc3 d5 4. d4 c6 5. g3 dxc4 6. Bg2 Nbd7 7. 0-0 b5 8. e4 Be7 9. d5 cxd5 10. exd5 exd5 11. Nxd5 0-0 12. Nxe7+ Qxe7 13. Nd4 Nb6 14. Nxb5 Bg4 15. Qc2 Rad8 16. Be3 Rfe8 17. Bxb6 axb6 18. Na3 Qc5 19. Rfe1 b5 20. h3 Bf5 21. Rxe8+ Rxe8 22. Qc3 Bd3 23. Nc2 Re2 24. Ne3 h5 25. a3 h4 26. gxh4 Nh5 27. Re1 Nf4 28. Bf3 Nxh3+ 29. Kh2 Rxf2+ 30. Kxh3 Rxf3+ 31. Kg2 Rxe3 0-1

[Event "Verbandsliga Suedbaden 2223"]
[Site "Germany"]
[Date "2023.04.02"]
[Round "8.2"]
[White "Grandadam, Nicolas"]
[Black "Akermann, Thomas"]
[Result "1/2-1/2"]
[WhiteElo "2265"]
[BlackElo "2181"]
[PlyCount "27"]
[EventDate "2022.09.25"]
[EventType "team-tourn"]
[EventRounds "9"]
[EventCountry "GER"]
[SourceTitle "EXT 2024"]
[Source "ChessBase"]
[SourceDate "2023.10.10"]
[SourceVersion "1"]
[SourceVersionDate "2023.10.10"]
[SourceQuality "1"]
[WhiteTeam "Dreilaendereck"]
[BlackTeam "Gottmadingen"]
[WhiteTeamCountry "GER"]
[BlackTeamCountry "GER"]

1. Nf3 d6 2. d4 Bg4 3. g3 Bxf3 4. exf3 g6 5. c3 c6 6. d5 Nf6 7. dxc6 Nxc6 8. Bg2 Bg7 9. 0-0 0-0 10. Qa4 Qa5 11. Qh4 Rfc8 12. Nd2 b5 13. a3 Rab8 14. Re1 1/2-1/2

[Event "Verbandsliga Suedbaden 2223"]
[Site "Germany"]
[Date "2022.09.25"]
[Round "1.4"]
[White "Grandadam, Nicolas"]
[Black "Scherer, Max"]
[Result "1-0"]
[WhiteElo "2265"]
[BlackElo "2137"]
[PlyCount "71"]
[EventDate "2022.09.25"]
[EventType "team-tourn"]
[EventRounds "9"]
[EventCountry "GER"]
[SourceTitle "EXT 2024"]
[Source "ChessBase"]
[SourceDate "2023.10.10"]
[SourceVersion "1"]
[SourceVersionDate "2023.10.10"]
[SourceQuality "1"]
[WhiteTeam "Dreilaendereck"]
[BlackTeam "Dreisamtal"]
[WhiteTeamCountry "GER"]
[BlackTeamCountry "GER"]

1. Nf3 b6 2. c4 Bb7 3. d4 e6 4. g3 Be7 5. Bg2 h5 6. Nc3 d6 7. e4 h4 8. 0-0 Nd7 9. Qe2 c5 10. Rd1 hxg3 11. hxg3 a6 12. e5 cxd4 13. Rxd4 Qc7 14. Bf4 dxe5 15. Nxe5 Bxg2 16. Rxd7 Bc6 17. Nd5 Qxd7 18. Nxd7 Kxd7 19. Qe5 Rc8 20. Qxg7 Bxd5 21. cxd5 Nf6 22. dxe6+ fxe6 23. Rd1+ Nd5 24. Bg5 Rhe8 25. f4 Rc7 26. Qf7 Rc5 27. b4 Rc6 28. f5 Rd6 29. fxe6+ Kc7 30. Qxe8 Bxg5 31. Qf7+ Kc6 32. Qe8+ Kc7 33. Kh1 b5 34. Rd3 Kb6 35. Qb8+ Kc6 36. Qc8+ 1-0

[Event "Oberliga Baden 1920"]
[Site "Baden"]
[Date "2019.10.20"]
[Round "2.5"]
[White "Becker, Matthias1111"]
[Black "Grandadam, Nicolas"]
[Result "1-0"]
[WhiteElo "1950"]
[BlackElo "2292"]
[PlyCount "129"]
[EventDate "2019.09.29"]
[EventType "team-tourn"]
[EventRounds "9"]
[EventCountry "GER"]
[SourceTitle "CBM 195 Extra"]
[Source "ChessBase"]
[SourceDate "2020.05.31"]
[SourceVersion "1"]
[SourceVersionDate "2020.05.31"]
[SourceQuality "1"]
[WhiteTeam "Buchen"]
[BlackTeam "Dreilaendereck"]
[WhiteTeamCountry "GER"]
[BlackTeamCountry "GER"]

1. e4 c5 2. Nf3 e6 3. b3 b6 4. Bd3 Bb7 5. 0-0 Nf6 6. e5 Nd5 7. Re1 f5 8. Na3 Be7 9. Nc4 0-0 10. Bf1 g5 11. Nd6 Bc6 12. c4 Nb4 13. d4 Bxf3 14. Qxf3 N8c6 15. d5 Nd4 16. Qg3 Nbc2 17. Bxg5 Bxg5 18. h4 h6 19. f4 Kh7 20. hxg5 hxg5 21. Bd3 Nxa1 22. Rxa1 gxf4 23. Qxf4 Kg6 24. Kf2 Qg5 25. g3 a5 26. Rh1 a4 27. b4 a3 28. Ke3 Ra4 29. bxc5 bxc5 30. Nb7 Rc8 31. g4 Rb4 32. gxf5+ Nxf5+ 33. Bxf5+ exf5 34. Nd6 Rcb8 35. Qxg5+ Kxg5 36. Rg1+ Kh5 37. Kf4 Rb2 38. Rg5+ Kh6 39. Nxf5+ Kh7 40. Rg7+ Kh8 41. Rxd7 Rxa2 42. e6 Rf2+ 43. Ke4 Re2+ 44. Kf3 Ra8 45. Kxe2 a2 46. e7 a1Q 47. Rd8+ Kh7 48. Rxa8 Qxa8 49. Nd6 Qb8 50. e8Q Qxd6 51. Qh5+ Kg7 52. Qg4+ Kh7 53. Qf5+ Kg7 54. Kf3 Qa6 55. Qd7+ Kf6 56. Qd8+ Kg6 57. Qg8+ Kf5 58. Qf8+ Kg5 59. Qxc5 Qf6+ 60. Kg2 Qe5 61. Qb4 Qe2+ 62. Kg1 Qd1+ 63. Kf2 Qd3 64. Qe7+ Kf4 65. Qh4+ 1-0

[Event "Oberliga Baden 1819"]
[Site "Baden"]
[Date "2018.12.16"]
[Round "4.1"]
[White "Tarlev, Konstantin"]
[Black "Grandadam, Nicolas"]
[Result "1/2-1/2"]
[WhiteElo "2553"]
[BlackElo "2296"]
[PlyCount "108"]
[EventDate "2018.10.21"]
[EventType "team-tourn"]
[EventRounds "9"]
[EventCountry "GER"]
[SourceTitle "EXT 2020"]
[Source "ChessBase"]
[SourceDate "2019.10.17"]
[SourceVersion "1"]
[SourceVersionDate "2019.10.17"]
[SourceQuality "1"]
[WhiteTeam "Viernheim II"]
[BlackTeam "Dreilaendereck"]
[WhiteTeamCountry "GER"]
[BlackTeamCountry "GER"]

1. e4 c5 2. Nf3 e6 3. d4 cxd4 4. Nxd4 a6 5. Bd3 Nc6 6. Nxc6 dxc6 7. f4 e5 8. f5 Nf6 9. Nd2 Bc5 10. Qe2 Qc7 11. Nb3 Bb4+ 12. c3 Be7 13. a4 b6 14. g4 h6 15. Be3 Nd7 16. h4 Bb7 17. Kf2 a5 18. g5 0-0-0 19. Bc4 hxg5 20. hxg5 Nc5 21. Nxc5 Bxc5 22. Bxc5 bxc5 23. Qe3 Qe7 24. Raf1 Kb8 25. Ke2 Bc8 26. Rxh8 Rxh8 27. Kd1 f6 28. gxf6 gxf6 29. Kc1 Rd8 30. Rg1 Kc7 31. Kb1 Kb6 32. Qe2 Rh8 33. Ka2 Bb7 34. Rg6 Rb8 35. Qd3 Rd8 36. Qc2 Rb8 37. Qe2 Rd8 38. Qc2 Rb8 39. Qb3+ Ka7 40. Qd1 Ba6 41. Be6 Kb6 42. Qg1 Rd8 43. Qe3 Bd3 44. Rg2 Bf1 45. Rg1 Bd3 46. Bb3 Ba6 47. Qh6 Bd3 48. Rg7 Qd6 49. Bd5 Rf8 50. Be6 Rd8 51. Bd5 Rf8 52. Be6 Rd8 53. Qh7 Ba6 54. Rg8 Rxg8 1/2-1/2

[Event "Oberliga Baden 1819"]
[Site "Baden"]
[Date "2018.11.11"]
[Round "2.3"]
[White "Milosevic, Goran"]
[Black "Grandadam, Nicolas"]
[Result "1/2-1/2"]
[WhiteElo "2292"]
[BlackElo "2296"]
[PlyCount "39"]
[EventDate "2018.10.21"]
[EventType "team-tourn"]
[EventRounds "9"]
[EventCountry "GER"]
[SourceTitle "EXT 2020"]
[Source "ChessBase"]
[SourceDate "2019.10.17"]
[SourceVersion "1"]
[SourceVersionDate "2019.10.17"]
[SourceQuality "1"]
[WhiteTeam "Dreisamtal"]
[BlackTeam "Dreilaendereck"]
[WhiteTeamCountry "GER"]
[BlackTeamCountry "GER"]

1. e4 c5 2. Nf3 e6 3. Nc3 a6 4. d4 cxd4 5. Nxd4 Qc7 6. g3 Bb4 7. Nde2 Nf6 8. Bg2 Be7 9. 0-0 Nc6 10. Be3 d6 11. Na4 b5 12. Nb6 Rb8 13. Nxc8 Rxc8 14. c3 0-0 15. a4 Rfd8 16. axb5 axb5 17. Nd4 Nxd4 18. Bxd4 Rd7 19. Re1 h6 20. Qe2 1/2-1/2

[Event "SUI-ch HT1 118th"]
[Site "Lenzerheide"]
[Date "2018.07.20"]
[Round "9"]
[White "Fischer, Daniel1111"]
[Black "Grandadam, Nicolas"]
[Result "1-0"]
[WhiteElo "2263"]
[BlackElo "2303"]
[PlyCount "57"]
[EventDate "2018.07.12"]
[EventType "swiss"]
[EventRounds "9"]
[EventCountry "SUI"]
[SourceTitle "EXT 2019"]
[Source "ChessBase"]
[SourceDate "2018.10.10"]
[SourceVersion "1"]
[SourceVersionDate "2018.10.10"]
[SourceQuality "1"]

1. e4 c6 2. d4 g6 3. Nc3 Bg7 4. Bc4 d6 5. Nf3 e6 6. 0-0 Ne7 7. Re1 h6 8. Bb3 0-0 9. Ne2 Nd7 10. c3 d5 11. e5 b6 12. Nf4 Nf5 13. Bc2 Re8 14. g3 Nf8 15. h4 h5 16. Kg2 Nh7 17. Rh1 Bf8 18. Ng5 Nxg5 19. hxg5 Bg7 20. Nxh5 gxh5 21. Qxh5 Qd7 22. g4 Ne7 23. Rh3 Kf8 24. Rf3 Ng8 25. g6 Re7 26. Bg5 f6 27. exf6 Nxf6 28. Bxf6 Bxf6 29. Qh8# 1-0

[Event "SUI-ch HT1 118th"]
[Site "Lenzerheide"]
[Date "2018.07.17"]
[Round "6"]
[White "Mueller, Leonhard"]
[Black "Grandadam, Nicolas"]
[Result "1/2-1/2"]
[WhiteElo "2199"]
[BlackElo "2303"]
[PlyCount "45"]
[EventDate "2018.07.12"]
[EventType "swiss"]
[EventRounds "9"]
[EventCountry "SUI"]
[SourceTitle "EXT 2019"]
[Source "ChessBase"]
[SourceDate "2018.10.10"]
[SourceVersion "1"]
[SourceVersionDate "2018.10.10"]
[SourceQuality "1"]

1. d4 g6 2. c4 Bg7 3. e4 d6 4. Nc3 e5 5. Nf3 exd4 6. Nxd4 Ne7 7. Be3 0-0 8. Qd2 Nbc6 9. h4 f5 10. Nxc6 bxc6 11. h5 Qe8 12. 0-0-0 fxe4 13. hxg6 hxg6 14. Bh6 e3 15. Qxe3 Nf5 16. Qxe8 Rxe8 17. Bxg7 Kxg7 18. Bd3 Be6 19. Rde1 Nh6 20. b3 Nf7 21. Rh4 Bd7 22. Reh1 Rh8 23. Rxh8 1/2-1/2

[Event "SUI-ch HT1 118th"]
[Site "Lenzerheide"]
[Date "2018.07.13"]
[Round "2"]
[White "Stoeri, Laura"]
[Black "Grandadam, Nicolas"]
[Result "1/2-1/2"]
[WhiteElo "2153"]
[BlackElo "2303"]
[PlyCount "71"]
[EventDate "2018.07.12"]
[EventType "swiss"]
[EventRounds "9"]
[EventCountry "SUI"]
[SourceTitle "EXT 2019"]
[Source "ChessBase"]
[SourceDate "2018.10.10"]
[SourceVersion "1"]
[SourceVersionDate "2018.10.10"]
[SourceQuality "1"]

1. e4 e5 2. Nf3 Nc6 3. Bb5 Nf6 4. 0-0 Nxe4 5. Re1 Nd6 6. Nxe5 Be7 7. Bf1 Nxe5 8. Rxe5 0-0 9. d4 Bf6 10. Re1 Re8 11. c3 Rxe1 12. Qxe1 Ne8 13. Bf4 d5 14. Bd3 g6 15. Nd2 Ng7 16. Nf3 Bf5 17. Bxf5 Nxf5 18. Qe2 c6 19. Re1 Ng7 20. Be5 Ne6 21. Bxf6 Qxf6 22. Ne5 Re8 23. Ng4 Qd8 24. Qe5 Ng7 25. Qxe8+ Nxe8 26. Rxe8+ Qxe8 27. Nf6+ Kf8 28. Nxe8 Kxe8 29. f4 f5 30. b4 b5 31. h4 h5 32. g3 Kd8 33. Kf2 Ke8 34. Ke2 Kd8 35. Kf2 Ke8 36. Ke2 1/2-1/2

[Event "SUI-ch HT1 118th"]
[Site "Lenzerheide"]
[Date "2018.07.12"]
[Round "1"]
[White "Grandadam, Nicolas"]
[Black "Arquint, Andri"]
[Result "1-0"]
[WhiteElo "2303"]
[BlackElo "1945"]
[PlyCount "93"]
[EventDate "2018.07.12"]
[EventType "swiss"]
[EventRounds "9"]
[EventCountry "SUI"]
[SourceTitle "EXT 2019"]
[Source "ChessBase"]
[SourceDate "2018.10.10"]
[SourceVersion "1"]
[SourceVersionDate "2018.10.10"]
[SourceQuality "1"]

1. Nf3 c5 2. c4 Nc6 3. g3 g6 4. Bg2 Bg7 5. 0-0 e5 6. Nc3 Nge7 7. Ne1 0-0 8. Nc2 d6 9. Rb1 Be6 10. Ne3 Qd7 11. a3 f5 12. Ned5 Rae8 13. d3 Bxd5 14. Nxd5 Nxd5 15. Bxd5+ Kh8 16. Qa4 Qc7 17. b4 Nd4 18. Re1 b6 19. e3 Ne6 20. Qc6 Qxc6 21. Bxc6 Re7 22. Bd2 h5 23. h4 Rc8 24. Bd5 Nc7 25. Bb7 Rf8 26. a4 Ne6 27. Bd5 Nc7 28. Bc6 Na6 29. a5 Nxb4 30. Bxb4 cxb4 31. axb6 axb6 32. Rxb4 Ra7 33. Rxb6 Ra3 34. Bd5 Rd8 35. Rd1 Kh7 36. Rd2 Ra1+ 37. Kg2 Ra3 38. Rb7 f4 39. Be4 fxe3 40. fxe3 Rf8 41. Rd7 Rf6 42. Rb2 Kh6 43. Kh3 d5 44. Rbb7 Rb6 45. Rxb6 dxe4 46. Rbb7 exd3 47. Rxg7 1-0

[Event "Oberliga Baden 1617"]
[Site "Baden"]
[Date "2016.10.16"]
[Round "1.4"]
[White "Grandadam, Nicolas"]
[Black "Adler, Joel Arturo Manuel"]
[Result "1/2-1/2"]
[WhiteElo "2270"]
[BlackElo "2271"]
[PlyCount "63"]
[EventDate "2016.10.16"]
[EventType "team-tourn"]
[EventRounds "9"]
[EventCountry "GER"]
[SourceTitle "EXT 2018"]
[Source "ChessBase"]
[SourceDate "2017.10.13"]
[SourceVersion "1"]
[SourceVersionDate "2017.10.13"]
[SourceQuality "1"]
[WhiteTeam "Dreilaendereck"]
[BlackTeam "Walldorf"]
[WhiteTeamCountry "GER"]
[BlackTeamCountry "GER"]

1. b3 Nf6 2. Bb2 e6 3. Nf3 b6 4. g3 Bb7 5. Bg2 Be7 6. 0-0 0-0 7. c4 c5 8. Nc3 d5 9. cxd5 Nxd5 10. Nxd5 Bxd5 11. Qb1 Bf6 12. Rd1 Bxb2 13. Qxb2 Nc6 14. d3 Bxf3 15. Bxf3 Rc8 16. e3 Qd6 17. d4 cxd4 18. Bxc6 Qxc6 19. Rac1 Qb7 20. Qxd4 h6 21. e4 Rxc1 22. Rxc1 Rc8 23. Rc4 Rxc4 24. Qxc4 Qd7 25. Kg2 g6 26. h4 h5 27. a4 Qb7 28. b4 Qd7 29. b5 Qd1 30. Qc8+ Kg7 31. Qc3+ Kg8 32. Qc8+ 1/2-1/2

[Event "SUI-chT"]
[Site "Switzerland"]
[Date "2015.05.31"]
[Round "4.8"]
[White "Wagner, Christian"]
[Black "Grandadam, Nicolas"]
[Result "1/2-1/2"]
[WhiteElo "2232"]
[BlackElo "2299"]
[PlyCount "61"]
[EventDate "2015.03.29"]
[EventType "team-tourn"]
[EventRounds "9"]
[EventCountry "SUI"]
[SourceTitle "EXT 2016"]
[Source "ChessBase"]
[SourceDate "2015.10.08"]
[SourceVersion "1"]
[SourceVersionDate "2015.10.08"]
[SourceQuality "1"]
[WhiteTeam "Reti"]
[BlackTeam "Riehen"]
[WhiteTeamCountry "SUI"]
[BlackTeamCountry "SUI"]

1. d4 d5 2. c4 e6 3. Nf3 Nf6 4. Bg5 Bb4+ 5. Nc3 Nbd7 6. e3 c5 7. cxd5 exd5 8. Bd3 Qa5 9. 0-0 c4 10. Bf5 Bxc3 11. bxc3 0-0 12. Qc2 Re8 13. Rfe1 Ne4 14. Bxe4 dxe4 15. Ne5 Nxe5 16. dxe5 Qxe5 17. Bf4 Qh5 18. Qa4 Be6 19. Rab1 b6 20. Red1 Red8 21. Bd6 Bg4 22. Rd4 Qg6 23. Qxc4 Be6 24. Qc7 Rd7 25. Qc6 Rad8 26. Be5 Rxd4 27. Bxd4 Bxa2 28. Qxg6 hxg6 29. Ra1 Bd5 30. Rxa7 b5 31. h4 1/2-1/2

[Event "Verbandsliga Suedbaden 1415"]
[Site "Baden"]
[Date "2014.11.02"]
[Round "2.2"]
[White "Ehmann, Thilo"]
[Black "Grandadam, Nicolas"]
[Result "1/2-1/2"]
[WhiteElo "2072"]
[BlackElo "2309"]
[PlyCount "69"]
[EventDate "2014.10.12"]
[EventType "team-tourn"]
[EventRounds "9"]
[EventCountry "GER"]
[SourceTitle "EXT 2022"]
[Source "ChessBase"]
[SourceDate "2021.10.06"]
[SourceVersion "1"]
[SourceVersionDate "2021.10.06"]
[SourceQuality "1"]
[WhiteTeam "Sasbach"]
[BlackTeam "Dreilaendereck"]
[WhiteTeamCountry "GER"]
[BlackTeamCountry "GER"]

1. e4 c5 2. Nf3 e6 3. d4 cxd4 4. Nxd4 a6 5. c4 Nf6 6. Nc3 Bb4 7. Bd3 Nc6 8. Nxc6 dxc6 9. 0-0 e5 10. a3 Be7 11. Qe2 0-0 12. h3 Be6 13. Be3 Nd7 14. b4 b5 15. a4 Bxb4 16. Na2 Bc5 17. cxb5 axb5 18. axb5 Bxe3 19. fxe3 Nc5 20. Nb4 Nxd3 21. Rxa8 Qxa8 22. Qxd3 cxb5 23. Nd5 Qb7 24. Rb1 Rb8 25. Rc1 b4 26. Rc7 Qa8 27. Ne7+ Kh8 28. Nc6 Rb6 29. Nxe5 b3 30. Qd4 Rb5 31. Nxf7+ Bxf7 32. Rxf7 Qg8 33. Rxg7 Qxg7 34. Qd8+ Qg8 35. Qd4+ 1/2-1/2

[Event "World University-ch 13th"]
[Site "Katowice"]
[Date "2014.08.22"]
[Round "6"]
[White "Grandadam, Nicolas"]
[Black "Barbosa, Evandro Amorim"]
[Result "1-0"]
[WhiteElo "2307"]
[BlackElo "2446"]
[PlyCount "291"]
[EventDate "2014.08.18"]
[EventType "swiss"]
[EventRounds "9"]
[EventCountry "POL"]
[SourceTitle "CBM 161 Extra"]
[Source "ChessBase"]
[SourceDate "2014.08.29"]
[SourceVersion "1"]
[SourceVersionDate "2014.08.29"]
[SourceQuality "1"]

1. b3 e5 2. Bb2 Nc6 3. e3 Nf6 4. Bb5 Bd6 5. Na3 e4 6. Nc4 Be7 7. Bxc6 dxc6 8. Ne2 Be6 9. 0-0 Qd7 10. Ne5 Qd6 11. d3 Ng4 12. d4 f6 13. Nxg4 Bxg4 14. Qe1 Bf5 15. a4 Qd7 16. Ba3 Bxa3 17. Rxa3 0-0 18. a5 Qe7 19. Ra1 Rae8 20. Qc3 Bd7 21. Qc5 Qxc5 22. dxc5 Re5 23. b4 Bg4 24. Nd4 a6 25. Rfe1 h5 26. f4 exf3 27. gxf3 Bh3 28. Kf2 g5 29. Rad1 Rfe8 30. e4 Kf7 31. Re2 h4 32. Rde1 Bc8 33. c3 Rg8 34. Rg1 Bh3 35. Re3 Bc8 36. Re2 Bd7 37. Rd2 g4 38. Re2 Reg5 39. fxg4 Rxg4 40. Rxg4 Rxg4 41. e5 Rf4+ 42. Ke1 fxe5 43. Rxe5 Bg4 44. Re3 h3 45. Ne2 Rf6 46. Ng1 Re6 47. Kf2 Rh6 48. Kg3 Be6 49. Kf2 Kf6 50. Ne2 Rh4 51. Rf3+ Ke5 52. Nd4 Bd7 53. Re3+ Re4 54. Nf3+ Kf4 55. Rd3 Bg4 56. Ng1 Kf5 57. Nxh3 Kf6 58. Kg3 Bf5 59. Nf2 Re1 60. Rf3 Rg1+ 61. Kf4 Rc1 62. Ng4+ Kg6 63. h3 Re1 64. Ne3 Be6 65. Rg3+ Kf6 66. Ng4+ Ke7 67. Kg5 Rf1 68. Ne3 Rf8 69. h4 Rg8+ 70. Kf4 Rh8 71. Ke5 Kf7 72. Rf3+ Ke7 73. Rf4 Rh5+ 74. Ke4 Rh8 75. Nf5+ Kd7 76. Ng7 Bb3 77. Ke5 Ke7 78. Nf5+ Kd7 79. Rd4+ Ke8 80. Kf6 Rf8+ 81. Kg5 Rg8+ 82. Kf4 Rf8 83. Re4+ Kd7 84. Re7+ Kd8 85. Re5 Rh8 86. Kg5 Bd1 87. Re4 Bc2 88. Rd4+ Ke8 89. Ng7+ Ke7 90. h5 Rf8 91. Rd2 Bb1 92. Rd1 Bc2 93. Re1+ Kd7 94. Re3 Rf1 95. Rg3 Ke7 96. h6 Kf7 97. Rg2 Bb1 98. Rg3 Rf6 99. Rh3 Bh7 100. Rh4 Rg6+ 101. Kh5 Rf6 102. Rd4 Ke7 103. Rd1 Rf3 104. Re1+ Kd7 105. Ne8 Rf5+ 106. Kg4 Rf8 107. Ng7 Rf6 108. Rh1 Ke7 109. Rh3 Kd7 110. Kg5 Rg6+ 111. Kh5 Rf6 112. Rg3 Ke7 113. Re3+ Kd7 114. Ne8 Rf5+ 115. Kg4 Rf8 116. Ng7 Rf6 117. Kh5 Rf1 118. Kg5 Rg1+ 119. Kh5 Rh1+ 120. Kg5 Rg1+ 121. Kh4 Rh1+ 122. Rh3 Rg1 123. Rf3 Rh1+ 124. Kg5 Rg1+ 125. Kh4 Rh1+ 126. Rh3 Rg1 127. Rg3 Rf1 128. Kg5 Ke7 129. Nh5 Kf7 130. Rg4 Ke7 131. Rg3 Kf7 132. Nf4 Rf2 133. Nh3 Rf1 134. Kh4 Bg6 135. Rf3+ Rxf3 136. Ng5+ Kf6 137. Nxf3 Ke6 138. Kg5 Bh7 139. Kf4 Kd5 140. Ng5 Bb1 141. Ke3 Kc4 142. Kd2 Kb5 143. h7 Bxh7 144. Nxh7 b6 145. cxb6 cxb6 146. c4+ 1-0

[Event "World University-ch 13th"]
[Site "Katowice"]
[Date "2014.08.22"]
[Round "7"]
[White "Olszewski, Michal"]
[Black "Grandadam, Nicolas"]
[Result "1-0"]
[WhiteElo "2555"]
[BlackElo "2307"]
[PlyCount "63"]
[EventDate "2014.08.18"]
[EventType "swiss"]
[EventRounds "9"]
[EventCountry "POL"]
[SourceTitle "CBM 161 Extra"]
[Source "ChessBase"]
[SourceDate "2014.08.29"]
[SourceVersion "1"]
[SourceVersionDate "2014.08.29"]
[SourceQuality "1"]

1. Nf3 d5 2. c4 e6 3. d4 Nf6 4. Nc3 Bb4 5. Qa4+ Nc6 6. Bg5 h6 7. Bxf6 Qxf6 8. e3 0-0 9. Be2 dxc4 10. a3 Bd6 11. Qxc4 Bd7 12. 0-0 e5 13. d5 Ne7 14. Ne4 Qg6 15. Nh4 Qh7 16. Nxd6 cxd6 17. Qc7 Rad8 18. Qxd6 Rfe8 19. Qb4 e4 20. g3 Bc8 21. Rfd1 g5 22. Ng2 Rxd5 23. Rxd5 Nxd5 24. Qa5 Qf5 25. Qxa7 Re6 26. Qd4 Rf6 27. Rf1 Be6 28. f3 exf3 29. Bxf3 g4 30. e4 Qg5 31. exd5 gxf3 32. dxe6 1-0

[Event "World University-ch 13th"]
[Site "Katowice"]
[Date "2014.08.18"]
[Round "1"]
[White "Swiercz, Dariusz"]
[Black "Grandadam, Nicolas"]
[Result "1-0"]
[WhiteElo "2611"]
[BlackElo "2307"]
[PlyCount "51"]
[EventDate "2014.08.18"]
[EventType "swiss"]
[EventRounds "9"]
[EventCountry "POL"]
[SourceTitle "CBM 161 Extra"]
[Source "ChessBase"]
[SourceDate "2014.08.29"]
[SourceVersion "1"]
[SourceVersionDate "2014.08.29"]
[SourceQuality "1"]

1. c4 e6 2. Nf3 Nf6 3. g3 d5 4. Bg2 dxc4 5. Qa4+ Nbd7 6. Qxc4 c5 7. Qb3 Rb8 8. 0-0 b5 9. a4 a6 10. axb5 axb5 11. Nc3 c4 12. Qc2 e5 13. d4 cxd3 14. exd3 Bd6 15. d4 0-0 16. Rd1 Qc7 17. Qe2 Qc4 18. dxe5 Bxe5 19. Nxe5 Qxe2 20. Nxe2 Nxe5 21. Bf4 Re8 22. Nd4 Bb7 23. Re1 Nfd7 24. Bxb7 Rxb7 25. Bxe5 Nxe5 26. Rxe5 1-0

[Event "Biel MTO op 47th"]
[Site "Biel"]
[Date "2014.07.25"]
[Round "11"]
[White "Grandadam, Nicolas"]
[Black "Raetsky, Alexander"]
[Result "1/2-1/2"]
[WhiteElo "2306"]
[BlackElo "2431"]
[PlyCount "62"]
[EventDate "2014.07.14"]
[EventType "swiss"]
[EventRounds "11"]
[EventCountry "SUI"]
[SourceTitle "CBM 161 Extra"]
[Source "ChessBase"]
[SourceDate "2014.08.29"]
[SourceVersion "1"]
[SourceVersionDate "2014.08.29"]
[SourceQuality "1"]

1. Nf3 d5 2. d4 Nf6 3. c4 dxc4 4. e3 Bg4 5. Bxc4 e6 6. h3 Bh5 7. Nc3 Nc6 8. Bb5 Bd6 9. Qa4 Bxf3 10. gxf3 0-0 11. Bxc6 bxc6 12. f4 c5 13. dxc5 Bxc5 14. Qc4 Qe7 15. b3 e5 16. Bb2 exf4 17. Qxf4 Rad8 18. Rg1 g6 19. Ke2 Bd4 20. Rad1 Bxc3 21. Bxc3 Nd5 22. Qe5 Nxc3+ 23. Qxc3 Qe6 24. h4 Rd5 25. Rxd5 Qxd5 26. Rd1 Qh5+ 27. Ke1 Qxh4 28. Qxc7 Re8 29. Qxa7 Qh1+ 30. Ke2 Qh5+ 31. Ke1 Qh1+ 1/2-1/2

[Event "Biel MTO op 47th"]
[Site "Biel"]
[Date "2014.07.22"]
[Round "8"]
[White "Grandadam, Nicolas"]
[Black "Lampert, Jonas"]
[Result "0-1"]
[WhiteElo "2306"]
[BlackElo "2421"]
[PlyCount "64"]
[EventDate "2014.07.14"]
[EventType "swiss"]
[EventRounds "11"]
[EventCountry "SUI"]
[SourceTitle "CBM 161 Extra"]
[Source "ChessBase"]
[SourceDate "2014.08.29"]
[SourceVersion "1"]
[SourceVersionDate "2014.08.29"]
[SourceQuality "1"]

1. d4 d5 2. c4 c6 3. cxd5 cxd5 4. Nc3 Nc6 5. Bf4 e5 6. dxe5 d4 7. Ne4 Bf5 8. Nd6+ Bxd6 9. exd6 Nf6 10. Nf3 Qa5+ 11. Bd2 Qd5 12. g3 d3 13. Bg2 0-0 14. Nh4 Be4 15. Bxe4 Nxe4 16. Qb3 Qxb3 17. axb3 Nd4 18. Rd1 dxe2 19. Rb1 g5 20. Bc3 Nc2+ 21. Kxe2 gxh4 22. Kd3 Nxc3 23. bxc3 Na3 24. Rbd1 Rfd8 25. c4 Rac8 26. Ra1 Rxd6+ 27. Ke4 Ra6 28. Ra2 hxg3 29. hxg3 b5 30. cxb5 Re6+ 31. Kf4 Nxb5 32. Rh5 a6 0-1

[Event "Biel MTO op 47th"]
[Site "Biel"]
[Date "2014.07.17"]
[Round "4"]
[White "Cherniaev, Alexander"]
[Black "Grandadam, Nicolas"]
[Result "1-0"]
[WhiteElo "2434"]
[BlackElo "2306"]
[PlyCount "111"]
[EventDate "2014.07.14"]
[EventType "swiss"]
[EventRounds "11"]
[EventCountry "SUI"]
[SourceTitle "CBM 161 Extra"]
[Source "ChessBase"]
[SourceDate "2014.08.29"]
[SourceVersion "1"]
[SourceVersionDate "2014.08.29"]
[SourceQuality "1"]

1. d4 d5 2. Nf3 Nf6 3. g3 c6 4. Bg2 Bf5 5. c4 e6 6. Nc3 Be7 7. Qb3 Qb6 8. c5 Qxb3 9. axb3 Ne4 10. b4 Nxc3 11. bxc3 Be4 12. Rg1 Nd7 13. Bf1 a6 14. Nd2 Bg6 15. f3 0-0-0 16. e4 h5 17. h3 h4 18. g4 Bg5 19. Nc4 Bxc1 20. Nd6+ Kc7 21. Rxc1 Ra8 22. Ra1 Nf6 23. e5 Ne8 24. f4 Nxd6 25. cxd6+ Kd7 26. Ke2 Rhg8 27. Ke3 Bc2 28. Ra2 Be4 29. c4 g6 30. Be2 Rgc8 31. Ra3 Rf8 32. Rga1 Bg2 33. Rg1 Be4 34. Rf1 Rg8 35. Rf2 Bh1 36. Rh2 Be4 37. Bf1 Rgf8 38. Rha2 Bh1 39. Rh2 Be4 40. Ra1 f6 41. Rha2 f5 42. gxf5 gxf5 43. b5 dxc4 44. bxa6 b5 45. Bg2 Bd3 46. a7 Rg8 47. Kf2 c3 48. Ra6 Be4 49. Bxe4 fxe4 50. Rb6 c2 51. Rb7+ Kd8 52. Ke3 Rg3+ 53. Kxe4 Ra3 54. Rg1 Rg3 55. Rb8+ Kd7 56. Rxa8 1-0

[Event "SUI-chT"]
[Site "Switzerland"]
[Date "2014.03.16"]
[Round "1.7"]
[White "Grandadam, Nicolas"]
[Black "Astengo, Corrado"]
[Result "1-0"]
[WhiteElo "2273"]
[BlackElo "2114"]
[PlyCount "45"]
[EventDate "2014.03.16"]
[EventType "team-tourn"]
[EventRounds "9"]
[EventCountry "SUI"]
[SourceTitle "EXT 2015"]
[Source "ChessBase"]
[SourceDate "2014.11.20"]
[SourceVersion "1"]
[SourceVersionDate "2014.11.20"]
[SourceQuality "1"]
[WhiteTeam "Riehen"]
[BlackTeam "Mendrisio"]
[WhiteTeamCountry "SUI"]
[BlackTeamCountry "SUI"]

1. Nf3 d5 2. d4 Nf6 3. c4 c6 4. Nc3 e6 5. Bg5 Nbd7 6. e3 Be7 7. Qc2 0-0 8. Bd3 dxc4 9. Bxc4 Nd5 10. Bxe7 Qxe7 11. 0-0 Nxc3 12. Qxc3 c5 13. Rfd1 cxd4 14. Qxd4 Nb6 15. Bb5 Nd5 16. Rac1 b6 17. e4 Nf6 18. Qe5 Bd7 19. Rc7 Rfd8 20. Bxd7 Rxd7 21. Rcxd7 Nxd7 22. Qc7 Rd8 23. Ne5 1-0